000 00420nam a2200145Ia 4500
008 210210b1988 xxu||||| |||| 00| 0 eng d
020 _a5 01 000492 5
082 _a968.8 GORN
100 _aGORBUNOV (Y).
245 _aNamibia a strugle for independence a collection of articles documents and speeches.
260 _aMoscow.
_bProgress Publishers.,
_c1988
300 _a183
690 _aWorld History
906 _a042475
999 _c92187
_d92187